Zaujat al-Nabi al-Tahirat wa Hikmatu Ta'arud hina (Record no. 86450)

MARC details
000 -LEADER
fixed length control field 00694nam a2200229 i 4500
001 - CONTROL NUMBER
control field C2-0279840
003 - CONTROL NUMBER IDENTIFIER
control field PPAK
005 - DATE AND TIME OF LATEST TRANSACTION
control field 20180728010946.0
008 - FIXED-LENGTH DATA ELEMENTS--GENERAL INFORMATION
fixed length control field 070515s1964 ts |||| ||||| | ara d
040 ## - CATALOGING SOURCE
Original cataloging agency PPAK
Language of cataloging eng
Transcribing agency PPAK
Description conventions rda
082 04 - DEWEY DECIMAL CLASSIFICATION NUMBER
Classification number 297.3
Edition number 23
090 00 - LOCALLY ASSIGNED LC-TYPE CALL NUMBER (OCLC); LOCAL CALL NUMBER (RLIN)
Classification number (OCLC) (R) ; Classification number, CALL (RLIN) (NR) 297.3
Feature heading MUH
Feature heading KMN
100 0# - MAIN ENTRY--PERSONAL NAME
Personal name Muhammad Mahmud al-Sawaaf,
Relator term author
245 10 - TITLE STATEMENT
Title Zaujat al-Nabi al-Tahirat wa Hikmatu Ta'arud hina
Remainder of title Kebersihan Isteri Nabi dan Hikmah Keadaan di sini
264 #1 - PRODUCTION, PUBLICATION, DISTRIBUTION, MANUFACTURE, AND COPYRIGHT NOTICE
Place of production, publication, distribution, manufacture Uman :
Name of producer, publisher, distributor, manufacturer Matbaah Hurriyah ,
Date of production, publication, distribution, manufacture, or copyright notice 1964
300 ## - PHYSICAL DESCRIPTION
Extent 95 pages ;
Dimensions 17 cm
336 ## - CONTENT TYPE
Source rdacontent
Content type term text
337 ## - MEDIA TYPE
Source rdamedia
Media type term unmediated
338 ## - CARRIER TYPE
Source rdacarrier
Carrier type term volume
500 ## - GENERAL NOTE
General note Teks dalam bahasa Arab
942 ## - ADDED ENTRY ELEMENTS (KOHA)
-- dc
Koha item type Book
Holdings
Withdrawn Not for loan Current library Shelving location Date acquired Full call number Barcode Date last seen Koha item type
  Not For Loan Perpustakaan Merbok Koleksi Mahmood Naim 15/05/2007 KMN 297.3 MUH A00505308 09/05/2018 Book